市名をつけない市歌 - Statistics

General Stats
  • This quiz has been taken 11 times
  • The average score is 42 of 110
Answer Stats
都道府県
・振興局
市名 市歌名 制定年 % Correct
多摩市 空は虹晴れ 不明
80%
埼玉県 さいたま市 希望(ゆめ)のまち 2003
70%
宮城県 仙台市 風よ雲よ光よ 1989
60%
那珂市 輝く未来へ 2009
60%
栃木市 明日(あす)への希望 2015
60%
三重県 津市 このまちがすきさ 2009
60%
久留米市 ふるさとのささやき 2005
60%
北海道石狩振興局 札幌市 市民のうた 1964
50%
北海道渡島総合振興局 北斗市 永遠(とわ)に明るく 2006
50%
青森県 青森市 大きな朝に 2005
50%
五所川原市 世紀の花を咲かそうよ 1969
50%
十和田市 花がみどりが 1975
50%
南陽市 幸せたわわに 2004
50%
茨城県 常陸太田市 空があるまち 2012
50%
栃木県 足利市 われらのまちに 1982(2011昇格)
50%
さくら市 願いこめた花 2007
50%
那須烏山市 希望の光 2014
50%
伊勢崎市 歩いてみたい 1990
50%
春日部市 心の空 2015
50%
草加市 想い出はいつも 1988
50%
東京都 小金井市 光さす野辺 2018
50%
新潟県 長岡市 笑顔いきいき 2006
50%
上越市 このふるさとを 2006
50%
富山県 黒部市 夢・愛・未来 2011
50%
小矢部市 朝明けの輝く雲に 1962
50%
南砺市 緑の里から 2009
50%
福井県 福井市 わたしのまち ときめきのまち 1989
50%
甲州市 みのりの風 虹の丘 2010
50%
美濃市 幸のまち 1994
50%
奈良県 橿原市 虹染めて 2002
50%
御所市 あたらしき ともしび ここに 1968
50%
鳥取県 鳥取市 伸びゆくふるさと 2005
50%
島根県 浜田市 呼びかける雲に 2006
50%
益田市 明日をむかえるまち 2006
50%
府中市 夢の来た道 1994
50%
福岡県 北九州市 緑のまちにしませんか 1981
50%
佐賀県 鳥栖市 虹の橋の向こうへ 2011
50%
熊本県 八代市 陽(ひ)は昇る 1970
50%
宮崎県 都城市 希望に満ちて 2015
50%
薩摩川内市 輝け未来へ 2009
50%
いちき串木野市 故郷〜輝く未来へ〜 2015
50%
北海道十勝総合振興局 帯広市 光る風のなかに 1972
40%
八戸市 新しい風 1999
40%
岩手県 北上市 きらめいて 1992
40%
岩沼市 花とみどりとほほえみと 1991
40%
秋田県 大仙市 夢、この大地 2006
40%
山形県 尾花沢市 夢を語ろう 1999
40%
福島県 白河市 このまちがすき 2010
40%
本宮市 みずいろのまち 2014
40%
常陸大宮市 君とこのふるさとで 2014
40%
群馬県 前橋市 赤城嶺(あかぎね)に 1982
40%
渋川市 力合わせて 2008
40%
和光市 光をだいて生きるまち 1985
40%
久喜市 喜びの街 1971
40%
東久留米市 花の咲く街 1971
40%
羽村市 このふるさとに 不明
40%
南魚沼市 時代新たに 2008
40%
山梨県 南アルプス市 あしたの夢に 2006
40%
岐阜県 関市 のぞみ新たに 1985
40%
兵庫県 神戸市 しあわせ運べるように 2021
40%
香川県 三豊市 七宝の風 2010
40%
四国中央市 未来へ続くまち 2003
40%
嬉野市 ふるさとの空よ 2016
40%
五島市 燦々と 2006
40%
大分県 佐伯市 美しいのは 2008
40%
小林市 ふるさと 夢 未来 2012
40%
奄美市 輝く未来へ 2021
40%
宮古島市 黎明の空に 2006
40%
潟上市 昇る陽(ひ)よ 2006
30%
八潮市 風に抱かれて 1992
30%
幸手市 しあわせ風景 1988
30%
鴨川市 夢よ、とどけ 1992
30%
浦安市 海と緑の街 1981
30%
狛江市 水と緑のまち 1977
30%
東大和市 輝(ひか)る未来へ 1993
30%
新発田市 虹の橋を渡って 2017
30%
妙高市 めぐる季節は 2006
30%
長野県 安曇野市 水と緑と光の郷(さと) 2015
30%
瑞浪市 宇宙(そら)へ 2013
30%
愛知県 刈谷市 みどりの風に 1980
30%
大阪府 摂津市 鳥たちよ・川たちよ 不明
30%
泉南市 希望のうたにつつまれて 1988
30%
加西市 ゆめ色の街 1989
30%
丹波市 このまちと ともに 2018
30%
桜井市 万葉のふるさと 1982
30%
山口県 山口市 ふるさとの風 2006
30%
うきは市 ルリ色のふるさと 2015
30%
長崎県 平戸市 明日への架け橋 不明
30%
松浦市 ともに未来へ 2016
30%
鹿児島県 指宿市 希望あらたに 2009
30%
取手市 新しい明日 2020
20%
行方市 わがふるさと 2012
20%
千葉県 松戸市 美しい時間の中で 1993
20%
袖ヶ浦市 光のコスモス 1991
20%
愛西市 いつの日も 2007
20%
名張市 あなたとわたし 1979
20%
四條畷市 いま ここに 1990
20%
丹波篠山市 いま ここに生きる 2000
20%
葛城市 緑の風 2006
20%
岡山県 赤磐市 未来へつなぐ 2017
20%
愛媛県 伊予市 潮風のシンフォニー 不明
20%
西予市 いつの日も 2014
20%
宮若市 輝くふるさと 2013
20%
豊後高田市 このまちが好きです 1989
20%
蓮田市 夢わくあしたをつくる街 1972
10%
本巣市 はばたいて 2007
10%
広島県 廿日市市 緑が空を包む日 1988
10%
大竹市 いざいざ共に 2000
10%
沖縄県 うるま市 青空澄みて 2007
10%
袋井市 ここがふるさと 2006
0%
No matching quizzes found
Score Distribution
Percent of People with Each Score
Percentile by Number Answered
Your Score History
You have not taken this quiz